Ejercicios de recuperación de cálculo 1: nivel de iniciación
Uloženo v:
| Hlavní autoři: | , , |
|---|---|
| Médium: | Kniha |
| Jazyk: | španělština |
| Vydáno: |
Madrid
Ciencias de la Educación Preescolar y Especial
1980
|
| Edice: | Colección Cuadernos de Recuperación
|
| Témata: | |
| Tagy: |
Přidat tag
Žádné tagy, Buďte první, kdo vytvoří štítek k tomuto záznamu!
|
MARC
| LEADER | 00000nam a2200000 a 4500 | ||
|---|---|---|---|
| 001 | UCY8586 | ||
| 003 | CL-VaPUC | ||
| 008 | 950703e19800000SP |||||||||||||||||spa|d | ||
| 082 | 0 | 4 | |a 372.7 |b FER |2 21 |
| 100 | 0 | |a Fernández Baroja, Fernanda |e author |9 340081 | |
| 700 | 0 | |a Llopis Paret, Ana María |e author |9 340082 | |
| 700 | 0 | |a Pablo de Riesgo, Carmen |e author |9 340083 | |
| 245 | 1 | 0 | |a Ejercicios de recuperación de cálculo 1: nivel de iniciación |
| 300 | |a 204 p | ||
| 942 | |c BK | ||
| 945 | |d 19950703 00:00:00 |a cmena | ||
| 260 | |a Madrid |b Ciencias de la Educación Preescolar y Especial |c 1980 | ||
| 650 | 0 | |a Matemática |9 260235 | |
| 650 | 0 | |a Métodos de enseñanza |9 270413 | |
| 650 | 0 | |a Educación básica |9 224933 | |
| 583 | |a last modification |c 20120902 08:49:00 |k Rodrigo Vera | ||
| 490 | 0 | |a Colección Cuadernos de Recuperación | |
| 999 | |c 235817 |d 235815 | ||
| 952 | |0 0 |1 0 |4 0 |6 372_700000000000000_FER_1980 |7 0 |8 P |9 243468 |a BIBEDU |b BIBEDU |c BIBEDU_PB |d 2019-11-18 |i 1526138 |o 372.7 FER 1980 |p 1526138 |r 2024-01-25 |w 2019-11-18 |y BK |k EDU | ||